| 000 | 00784cam a22002291a 4500 | ||
|---|---|---|---|
| 999 |
_c6432 _d6432 |
||
| 001 | 38 | ||
| 003 | BD-DhUAP | ||
| 005 | 20201231105204.0 | ||
| 008 | 201231s1991 nyua b 001 0 eng | ||
| 020 | _a0313274940 (alk. paper) | ||
| 040 |
_aDLC _cDLC _dBD-DhUAP _beng |
||
| 082 | 0 | 0 |
_a025.3132 INT _223 |
| 245 | 0 | 0 |
_aInterfaces for information retrieval and online systems : _bthe state of the art / _cedited by Martin Dillon. |
| 260 |
_aNew York : _bGreenwood Press, _cc1991. |
||
| 300 |
_axxvi, 337 pages : _billustrations ; _c25 cm. |
||
| 504 | _aIncludes bibliographical references (p. [319]-322) and index. | ||
| 650 | 0 | _aInformation retrieval. | |
| 650 | 0 | _aUser interfaces (Computer systems) | |
| 650 | 0 | _aOnline data processing. | |
| 700 | 1 | _aDillon, Martin. | |
| 942 |
_2ddc _cBK |
||